[Event "Landesliga Nord 0708"]
[Site "Bayern"]
[Date "2007.11.25"]
[Round "3.1"]
[White "Priborsky, Jan"]
[Black "Paerr, Manfred"]
[Result "1-0"]
[WhiteElo "2331"]
[BlackElo "2126"]
[PlyCount "89"]
[EventDate "2007.10.21"]
[EventType "team-tourn"]
[EventRounds "9"]
[EventCountry "GER"]
[SourceTitle "EXT 2009"]
[Source "ChessBase"]
[SourceDate "2008.11.26"]
[SourceVersion "1"]
[SourceVersionDate "2008.11.26"]
[SourceQuality "1"]
[WhiteTeam "Koetzting"]
[BlackTeam "Regensburg Fortuna II"]
[WhiteTeamCountry "GER"]
[BlackTeamCountry "GER"]

1. e4 e5 2. Nf3 Nc6 3. Bb5 a6 4. Ba4 Nf6 5. 0-0 b5 6. Bb3 Be7 7. Re1 0-0 8. h3 d6 9. c3 Na5 10. Bc2 c5 11. d4 Qc7 12. Nbd2 Bd7 13. Nf1 Rac8 14. d5 c4 15. g4 h5 16. N3h2 hxg4 17. hxg4 Nh7 18. Kg2 Bg5 19. Ne3 g6 20. Rh1 Kg7 21. Nf3 Bf4 22. Nf1 g5 23. Rxh7+ Kxh7 24. Nxg5+ Bxg5 25. Bxg5 f6 26. Bh4 Bxg4 27. f3 Bd7 28. Ng3 Kg6 29. Qd2 Rh8 30. Rh1 Rcg8 31. f4 Kf7 32. fxe5 dxe5 33. Qf2 Qd6 34. Bd1 Nb7 35. Kf1 Nc5 36. Nf5 Bxf5 37. Qxf5 Rh6 38. Rh3 Qd7 39. Bh5+ Kf8 40. Bf2 Qc7 41. d6 Qc6 42. Be3 Rgh8 43. Bxc5 Qxc5 44. Qe6 Qa7 45. Qe8+ 1-0

[Event "Landesliga Nord 0708"]
[Site "Bayern"]
[Date "2007.10.21"]
[Round "1.2"]
[White "Paerr, Manfred"]
[Black "Koch, Moritz"]
[Result "0-1"]
[WhiteElo "2126"]
[BlackElo "2221"]
[PlyCount "134"]
[EventDate "2007.10.21"]
[EventType "team-tourn"]
[EventRounds "9"]
[EventCountry "GER"]
[SourceTitle "EXT 2009"]
[Source "ChessBase"]
[SourceDate "2008.11.26"]
[SourceVersion "1"]
[SourceVersionDate "2008.11.26"]
[SourceQuality "1"]
[WhiteTeam "Regensburg Fortuna II"]
[BlackTeam "Puschendorf"]
[WhiteTeamCountry "GER"]
[BlackTeamCountry "GER"]

1. e4 c5 2. Nc3 Nc6 3. g3 g6 4. Bg2 Bg7 5. Nge2 d6 6. 0-0 Rb8 7. d3 b5 8. a3 a5 9. h3 Bd7 10. Nd5 b4 11. Ne3 Nf6 12. f4 0-0 13. axb4 axb4 14. c3 Ne8 15. f5 Nc7 16. Ng4 Be8 17. Bh6 Ne5 18. Bxg7 Kxg7 19. Ne3 bxc3 20. bxc3 Rb2 21. Nf4 Bb5 22. Qc1 Nxd3 23. Nxd3 Rxg2+ 24. Nxg2 Bxd3 25. Re1 gxf5 26. Qg5+ Kh8 27. exf5 Nd5 28. g4 Bb5 29. Qd2 Bc6 30. c4 Nb6 31. Qe2 Re8 32. Nf4 Nd7 33. Ra3 Ne5 34. Rg3 Qa5 35. Rc1 Ba8 36. g5 Rg8 37. h4 Qa6 38. Kh2 Qb7 39. Nd3 Nf3+ 40. Kh3 Nd4 41. Qf2 Qd7 42. Rf1 Be4 43. Kh2 Bxf5 44. Nf4 Nc6 45. Nd5 Be6 46. h5 Bxd5 47. cxd5 Ne5 48. Rfg1 Qb7 49. g6 hxg6 50. hxg6 fxg6 51. Qf4 Kg7 52. Rh3 Qxd5 53. Qg5 Qa2+ 54. Rg2 Qe6 55. Qf4 Nf7 56. Re3 Qf6 57. Qg3 Ne5 58. Kg1 Rf8 59. Qe1 Nf3+ 60. Rxf3 Qxf3 61. Qxe7+ Rf7 62. Qxd6 Qf1+ 63. Kh2 Qf4+ 64. Qxf4 Rxf4 65. Ra2 Kf6 66. Ra6+ Ke5 67. Rxg6 Kd4 0-1